000 00859nam a2200241 4500
001 179084
003 ES-MaACL
005 20240129115659.0
008 110906s2009 sp adfo |||| | spa d
020 _a978-84-670-3143-0
080 _a575.8
100 1 _aDawkins, Richard.
_943008
245 1 0 _aEvolución
_b: el mayor espectáculo sobre la Tierra /
_cRichard Dawkins ; traducción de Jesús Fabregat.
260 _aPozuelo de Alarcón (Madrid) :
_bEspasa Calpe,
_c[2009]
300 _a430 p., [32] p. de lám. de fot. col. :
_bil., gráf. ;
_c23 cm.
500 _aÍndices.
504 _aBibliografía: p. 397-406.
650 7 _aEvolución.
_912625
700 1 _aFabregat, Jesús.
_9147843
852 _aES-MaACL
_9185953
_jA-11468
_bR.145890
_dOlim: N-4472
_cDEPO1
942 _2udc
_cMONOGRAFIA
999 _c179084
_d179084